书目信息 |
| 题名: |
时间与自由意志
|
|
| 作者: | [法]柏格森著 吴士栋 译 | |
| 分册: | ||
| 出版信息: | 北京 商务印书馆 1958.08 |
|
| 页数: | 165页 | |
| 开本: | 32开 | |
| 丛书名: | ||
| 单 册: | ||
| 中图分类: | B655.51 | |
| 科图分类: | ||
| 主题词: | 哲学--大洋洲 | |
| 电子资源: | ||
| ISBN: | 7-100-00517-5 | |
| 000 | 00584nam0 2200193 45 | |
| 001 | 0009191716 | |
| 005 | 20000919170409.4 | |
| 010 | @a7-100-00517-5@d7.60元 | |
| 100 | @a20000919d1958 km y0chiy0120 ea | |
| 101 | 0 | @achi |
| 105 | @a z 000yy | |
| 200 | 1 | @a时间与自由意志@AShi Jian Yu Zi You Yi Zhi@f[法]柏格森著 吴士栋译@F[Fa]Bai Ge Sen Zhu Wu Shi Dong Yi |
| 210 | @a北京@c商务印书馆@d1958.08 | |
| 215 | @a165页@d32开 | |
| 606 | 0 | @a哲学@x大洋洲 |
| 690 | @aB655.51@v3 | |
| 701 | 0 | @a[法]柏格森著 吴士栋@4译 |
| 801 | @aCN@bPftUser@c20000919 | |
| 905 | @b149046-048@dB655.51@eB783@f3 | |
| 时间与自由意志/[法]柏格森著 吴士栋译.-北京:商务印书馆,1958.08 |
| 165页;32开 |
| ISBN 7-100-00517-5:7.60元 |
| ● |
| 相关链接 |
|
|
|
正题名:时间与自由意志
索取号:B655.51/B783
 
预约/预借
| 序号 | 登录号 | 条形码 | 馆藏地/架位号 | 状态 | 备注 |
| 1 | 149046 | 201490467 | 社科库509/509社科库 19排2列3层/ [索取号:B655.51/B783] | 在馆 | |
| 2 | 149047 | 201490476 | 社科库509/409社科库 9排4列1层/ [索取号:B655.51/B783] | 在馆 | |
| 3 | 149048 | 201490485 | 社科库509/509社科库 19排1列4层/ [索取号:B655.51/B783] | 在馆 |